[Event "Daventry 4NCL Easter Open"]
[Site "Daventry"]
[Date "2025.04.20"]
[Round "4.2"]
[White "Chan, Sheng Liang Bernard"]
[Black "Willmoth, Robert F"]
[Result "1-0"]
[WhiteElo "2177"]
[BlackElo "2248"]
[PlyCount "59"]
[EventDate "2025.04.18"]
[EventType "swiss"]
[EventRounds "7"]
[EventCountry "ENG"]
[SourceTitle "BritBase"]
[Source "John Saunders"]
[SourceDate "2025.09.17"]
[SourceVersion "1"]
[SourceVersionDate "2025.09.17"]
[SourceQuality "1"]

1. e4 d6 2. d4 Nf6 3. Nc3 g6 4. f4 Bg7 5. Nf3 O-O 6. e5 dxe5 7. fxe5 Ng4 8. h3 Nh6 9. Bc4 Kh8 10. Bf4 f6 11. Qd2 Ng8 12. e6 c6 13. Ne4 a5 14. a3 Na6 15. h4 Nc7 16. h5 g5 17. h6 Nxh6 18. Nexg5 fxg5 19. Be5 Rf6 20. Nxg5 Nxe6 21. Rxh6 Nxg5 22. Qxg5 Bxh6 23. Qxh6 Bf5 24. O-O-O Qf8 25. Qh4 b5 26. Ba2 h6 27. g4 Bh7 28. Rf1 Kg7 29. Rh1 Kh8 30. g5 1-0

[Event "Daventry 4NCL Easter Open"]
[Site "Daventry"]
[Date "2025.04.20"]
[Round "4.3"]
[White "Hebden, Mark L"]
[Black "McLean, Robert"]
[Result "1-0"]
[WhiteElo "2451"]
[BlackElo "2197"]
[PlyCount "105"]
[EventDate "2025.04.18"]
[EventType "swiss"]
[EventRounds "7"]
[EventCountry "ENG"]
[SourceTitle "BritBase"]
[Source "John Saunders"]
[SourceDate "2025.09.17"]
[SourceVersion "1"]
[SourceVersionDate "2025.09.17"]
[SourceQuality "1"]

1. d4 d6 2. Nf3 Nf6 3. g3 g6 4. Bg2 Bg7 5. O-O O-O 6. c4 Bf5 7. b3 c5 8. Bb2 Nc6 9. d5 Nb4 10. Nh4 Be4 11. Bxe4 Nxe4 12. Bxg7 Kxg7 13. a3 Na6 14. Qd3 Nf6 15. e4 Nd7 16. f4 f6 17. Nd2 Qb6 18. Nhf3 Nc7 19. Rae1 Rad8 20. Kh1 e5 21. f5 g5 22. g4 Rh8 23. h4 h6 24. Kg2 Rdg8 25. Rh1 Na6 26. Qc3 Qd8 27. Nf1 b6 28. Ng3 Kf7 29. Rh2 Nc7 30. Reh1 Qf8 31. hxg5 fxg5 32. Nd2 Nf6 33. Kf3 Nce8 34. Ndf1 Rh7 35. Nh5 Nxh5 36. Rxh5 Nf6 37. Ng3 Nxh5 38. Nxh5 Qb8 39. a4 a6 40. Ra1 Qb7 41. Kg2 Rhh8 42. f6 Qd7 43. Qf3 Rg6 44. a5 b5 45. Rf1 bxc4 46. bxc4 Rb8 47. Ng7 Qd8 48. Ne6 Rb2+ 49. Kg1 Qxa5 50. Qf5 Rb7 51. Nxg5+ Rxg5 52. Qe6+ Kf8 53. Qc8+ 1-0

[Event "Daventry 4NCL Easter Open"]
[Site "Daventry"]
[Date "2025.04.20"]
[Round "4.4"]
[White "Raju, Sooraj Menothuparam"]
[Black "Cox, Tristan A"]
[Result "0-1"]
[WhiteElo "2309"]
[BlackElo "2181"]
[PlyCount "88"]
[EventDate "2025.04.18"]
[EventType "swiss"]
[EventRounds "7"]
[EventCountry "ENG"]
[SourceTitle "BritBase"]
[Source "John Saunders"]
[SourceDate "2025.09.17"]
[SourceVersion "1"]
[SourceVersionDate "2025.09.17"]
[SourceQuality "1"]

1. d3 g6 2. g3 Bg7 3. Bg2 d6 4. f4 c5 5. Nf3 Nc6 6. O-O e6 7. e4 Nge7 8. Nc3 O-O 9. Be3 Rb8 10. a4 Nd4 11. e5 Nef5 12. Bf2 Nxf3+ 13. Qxf3 dxe5 14. Bxc5 Nd4 15. Qf2 exf4 16. Bxf8 Qxf8 17. Qxf4 e5 18. Qf2 Be6 19. Bd5 Bxd5 20. Nxd5 Qc5 21. c4 f5 22. b4 Qd6 23. Qa2 Rd8 24. Rab1 h5 25. Ne3 Kh7 26. c5 Qf6 27. Nc4 h4 28. Rbe1 hxg3 29. Nxe5 Re8 30. Nd7 Nf3+ 31. Kh1 Qc6 32. Rxe8 Nh4+ 33. Re4 g2+ 34. Kg1 gxf1=Q+ 35. Kxf1 fxe4 36. Qf2 Nf5 37. Nb8 Qxa4 38. c6 Qd1+ 39. Kg2 Qg4+ 40. Kf1 bxc6 41. Nxc6 exd3 42. b5 Qh3+ 43. Ke1 Bc3+ 44. Kd1 Ne3+ 0-1

[Event "Daventry 4NCL Easter Open"]
[Site "Daventry"]
[Date "2025.04.20"]
[Round "4.5"]
[White "Jones, Steven A"]
[Black "Potter, John M"]
[Result "1-0"]
[WhiteElo "2291"]
[BlackElo "2159"]
[PlyCount "53"]
[EventDate "2025.04.18"]
[EventType "swiss"]
[EventRounds "7"]
[EventCountry "ENG"]
[SourceTitle "BritBase"]
[Source "John Saunders"]
[SourceDate "2025.09.17"]
[SourceVersion "1"]
[SourceVersionDate "2025.09.17"]
[SourceQuality "1"]

1. e4 d6 2. d4 Nf6 3. Nc3 g6 4. g3 Bg7 5. Bg2 O-O 6. Nge2 e5 7. O-O exd4 8. Nxd4 a6 9. Bf4 Nbd7 10. Qd2 Re8 11. Rad1 Nc5 12. Rfe1 Ng4 13. b3 Rb8 14. h3 Ne5 15. Be3 Ne6 16. f4 Nd7 17. Nde2 b6 18. e5 dxe5 19. Bc6 exf4 20. Nxf4 Ne5 21. Qf2 Nxc6 22. Rxd8 Ncxd8 23. Ncd5 c5 24. Nxe6 Bxe6 25. Nf6+ Bxf6 26. Qxf6 Bd5 27. Qd6 1-0

[Event "Daventry 4NCL Easter Open"]
[Site "Daventry"]
[Date "2025.04.20"]
[Round "4.6"]
[White "Vaidyanathan, Adithya"]
[Black "Pilley, Jack"]
[Result "0-1"]
[WhiteElo "2287"]
[BlackElo "2145"]
[PlyCount "106"]
[EventDate "2025.04.18"]
[EventType "swiss"]
[EventRounds "7"]
[EventCountry "ENG"]
[SourceTitle "BritBase"]
[Source "John Saunders"]
[SourceDate "2025.09.17"]
[SourceVersion "1"]
[SourceVersionDate "2025.09.17"]
[SourceQuality "1"]

1. d4 Nf6 2. Nf3 e6 3. c4 d5 4. Nc3 Be7 5. Bg5 h6 6. Bh4 O-O 7. e3 b6 8. cxd5 Nxd5 9. Bxe7 Qxe7 10. Be2 Nxc3 11. bxc3 c5 12. O-O Bb7 13. a4 Nc6 14. Nd2 Rfd8 15. Nb3 cxd4 16. exd4 Rac8 17. f4 Qc7 18. Rc1 Ne7 19. Qd2 Bd5 20. c4 Bc6 21. Qb4 a5 22. Qa3 Nf5 23. d5 exd5 24. Bg4 Ne3 25. Bxc8 dxc4 26. Ba6 Nxf1 27. Bxc4 Nd2 28. Bb5 Qxf4 29. Nxd2 Bxb5 30. Nf3 Be2 31. Rb1 Bxf3 32. Qxf3 Qxf3 33. gxf3 Rd6 34. Kf2 Kf8 35. Ke3 Ke7 36. Ke4 Kd7 37. Rg1 Rg6 38. Rd1+ Kc6 39. Rc1+ Kd6 40. h4 Rg2 41. Rd1+ Kc5 42. Rd7 Rh2 43. Rxf7 Rxh4+ 44. Ke5 g5 45. Rf6 Rf4 46. Rxh6 Rxf3 47. Rg6 Ra3 48. Rxg5 Rxa4 49. Ke6+ Kc6 50. Rg1 Rd4 51. Ke5 Rd8 52. Rc1+ Kb5 53. Rb1+ Ka6 0-1

[Event "Daventry 4NCL Easter Open"]
[Site "Daventry"]
[Date "2025.04.20"]
[Round "4.7"]
[White "Kothari, Jai"]
[Black "Sasikumar, Srivathsan"]
[Result "1/2-1/2"]
[WhiteElo "2204"]
[BlackElo "2058"]
[PlyCount "76"]
[EventDate "2025.04.18"]
[EventType "swiss"]
[EventRounds "7"]
[EventCountry "ENG"]
[SourceTitle "BritBase"]
[Source "John Saunders"]
[SourceDate "2025.09.17"]
[SourceVersion "1"]
[SourceVersionDate "2025.09.17"]
[SourceQuality "1"]

1. e4 c5 2. Nc3 Nc6 3. Bb5 e6 4. Bxc6 bxc6 5. d3 d5 6. Nf3 Ne7 7. h4 Qc7 8. h5 h6 9. Bd2 e5 10. Qe2 f6 11. Na4 Qd6 12. c4 d4 13. b3 Bg4 14. Bc1 Nc8 15. Ba3 Qc7 16. Qd2 Qf7 17. Qa5 Bxh5 18. Qa6 Ne7 19. Bxc5 Bxf3 20. Bxe7 Qxe7 21. Qxc6+ Kf7 22. Qxa8 Qb4+ 23. Kf1 Bg4 24. Rh4 h5 25. Rxg4 hxg4 26. Qd5+ Kg6 27. Ke2 Rh2 28. Qe6 Rxg2 29. Qf5+ Kf7 30. Kf1 Rh2 31. Kg1 Rh6 32. Rd1 Qa3 33. Qd7+ Be7 34. Qd5+ Kf8 35. Ra1 Qb4 36. Rd1 Qa3 37. Qa8+ Kf7 38. Qd5+ Kf8 1/2-1/2

[Event "Daventry 4NCL Easter Open"]
[Site "Daventry"]
[Date "2025.04.20"]
[Round "4.8"]
[White "Hadi, Justin"]
[Black "Okhai, Shabir"]
[Result "0-1"]
[WhiteElo "1977"]
[BlackElo "2222"]
[PlyCount "128"]
[EventDate "2025.04.18"]
[EventType "swiss"]
[EventRounds "7"]
[EventCountry "ENG"]
[SourceTitle "BritBase"]
[Source "John Saunders"]
[SourceDate "2025.09.17"]
[SourceVersion "1"]
[SourceVersionDate "2025.09.17"]
[SourceQuality "1"]

1. e4 e5 2. Nf3 Nc6 3. Bb5 a6 4. Ba4 Nf6 5. Qe2 b5 6. Bb3 Be7 7. O-O O-O 8. c3 d5 9. d3 Bb7 10. Rd1 Re8 11. Nbd2 Bf8 12. Nf1 d4 13. cxd4 Nxd4 14. Nxd4 Qxd4 15. Be3 Qd7 16. Rac1 a5 17. Bg5 a4 18. Bc2 Ra6 19. Ne3 h6 20. Bh4 c5 21. b3 a3 22. Qf3 Qe6 23. Bxf6 Qxf6 24. Qxf6 Rxf6 25. b4 cxb4 26. Bb3 Rc6 27. Rxc6 Bxc6 28. Rc1 Rc8 29. Kf1 Bd7 30. Rxc8 Bxc8 31. Ke2 Bc5 32. Nd5 Kf8 33. f4 f6 34. fxe5 fxe5 35. Kf3 Bd7 36. Kg3 Ke8 37. Nc7+ Ke7 38. Nd5+ Kd6 39. Kf3 Kc6 40. Ke2 Bg4+ 41. Kf1 Kd6 42. h3 Bh5 43. Ke1 Bd4 44. g4 Bf7 45. Ke2 Kc5 46. Kd2 Bf2 47. Ke2 Bh4 48. Ke3 Bg5+ 49. Ke2 Kd4 50. Bc2 Be6 51. Kf3 Bh4 52. Bb3 h5 53. gxh5 Bxh3 54. Nxb4 Kc3 55. Nc6 Bf6 56. Ke3 Bd7 57. Bd5 Be8 58. Na7 Bg5+ 59. Kf3 Bxh5+ 60. Kg3 b4 61. Nc6 Bf4+ 62. Kf2 Be8 63. Kf3 Bxc6 64. Bxc6 b3 0-1

[Event "Daventry 4NCL Easter Open"]
[Site "Daventry"]
[Date "2025.04.20"]
[Round "4.9"]
[White "Sahoo, Shivam"]
[Black "Bharat Kumar, Balahari"]
[Result "0-1"]
[WhiteElo "1794"]
[BlackElo "2165"]
[PlyCount "164"]
[EventDate "2025.04.18"]
[EventType "swiss"]
[EventRounds "7"]
[EventCountry "ENG"]
[SourceTitle "BritBase"]
[Source "John Saunders"]
[SourceDate "2025.09.17"]
[SourceVersion "1"]
[SourceVersionDate "2025.09.17"]
[SourceQuality "1"]

1. d4 d5 2. c4 e6 3. Nc3 a6 4. cxd5 exd5 5. Nf3 Nf6 6. Bf4 c5 7. e3 Nc6 8. Bd3 Bg4 9. dxc5 Bxc5 10. O-O O-O 11. h3 Be6 12. a3 d4 13. exd4 Nxd4 14. Nxd4 Bxd4 15. Qf3 Qb6 16. Rab1 Rfd8 17. Rfd1 Bb3 18. Rd2 Rac8 19. Ne4 Bd5 20. Nxf6+ Qxf6 21. Qg3 h6 22. h4 Ba2 23. Ra1 Be6 24. Rb1 Ba2 25. Ra1 Be6 26. Rb1 Rc5 27. Be3 Be5 28. Qf3 Qxf3 29. gxf3 Rcd5 30. Rbd1 R5d7 31. Bb6 Rc8 32. Bh7+ Kxh7 33. Rxd7 Bxd7 34. Rxd7 Rc6 35. Rxb7 Bxb2 36. a4 Rc4 37. a5 Bd4 38. Rxf7 Bxb6 39. axb6 Rxh4 40. Ra7 Ra4 41. b7 Rb4 42. Kg2 a5 43. Kg3 a4 44. f4 a3 45. f5 a2 46. Rxa2 Rxb7 47. Ra6 Rc7 48. f3 Kg8 49. Kg4 Kf7 50. Kg3 Rc4 51. f4 Rc1 52. Kg4 Rg1+ 53. Kh4 Kf8 54. Ra8+ Ke7 55. Ra6 Kf7 56. Rb6 Rh1+ 57. Kg3 h5 58. Kg2 Ra1 59. Kh3 Ra5 60. Rb2 Rxf5 61. Kg3 Ra5 62. Kh4 g6 63. Rb3 Kf6 64. Rf3 Kf5 65. Kh3 Ra4 66. Kg3 Ra1 67. Rf2 Ra3+ 68. Kh4 Ra4 69. Kg3 h4+ 70. Kxh4 Rxf4+ 71. Kg3 Rxf2 72. Kxf2 Kf4 73. Kg2 Kg4 74. Kh2 Kf3 75. Kg1 g5 76. Kh2 g4 77. Kg1 Kg3 78. Kh1 Kf2 79. Kh2 g3+ 80. Kh1 g2+ 81. Kh2 g1=Q+ 82. Kh3 Qg3# 0-1

[Event "Daventry 4NCL Easter Open"]
[Site "Daventry"]
[Date "2025.04.20"]
[Round "4.10"]
[White "Gilmore, Simon N"]
[Black "Burrows, Martin P"]
[Result "0-1"]
[WhiteElo "2039"]
[BlackElo "2141"]
[PlyCount "62"]
[EventDate "2025.04.18"]
[EventType "swiss"]
[EventRounds "7"]
[EventCountry "ENG"]
[SourceTitle "BritBase"]
[Source "John Saunders"]
[SourceDate "2025.09.17"]
[SourceVersion "1"]
[SourceVersionDate "2025.09.17"]
[SourceQuality "1"]

1. e4 c5 2. c4 e6 3. Nf3 Nc6 4. d4 cxd4 5. Nxd4 Nf6 6. Nc3 Bb4 7. Nxc6 bxc6 8. Bd3 e5 9. Bd2 O-O 10. O-O Bc5 11. Na4 Bd4 12. c5 d5 13. cxd6 Qxd6 14. Nc3 Be6 15. Qc2 Rab8 16. b3 h6 17. Rac1 Rfd8 18. Bc4 Bxc4 19. bxc4 Qe6 20. Na4 Rb7 21. h3 Rdb8 22. Kh1 c5 23. f3 Nh5 24. Kh2 Qg6 25. g4 Nf4 26. Bxf4 exf4 27. Rb1 Qf6 28. Rxb7 Rxb7 29. Rb1 Qh4 30. Rxb7 Qg3+ 31. Kh1 Qg1# 0-1

[Event "Daventry 4NCL Easter Open"]
[Site "Daventry"]
[Date "2025.04.20"]
[Round "4.11"]
[White "Burton, Sean"]
[Black "Cook, Phil"]
[Result "1-0"]
[WhiteElo "1904"]
[BlackElo "2101"]
[PlyCount "85"]
[EventDate "2025.04.18"]
[EventType "swiss"]
[EventRounds "7"]
[EventCountry "ENG"]
[SourceTitle "BritBase"]
[Source "John Saunders"]
[SourceDate "2025.09.17"]
[SourceVersion "1"]
[SourceVersionDate "2025.09.17"]
[SourceQuality "1"]

1. e4 c5 2. Nf3 e6 3. b3 a6 4. Bb2 Nc6 5. g3 Nf6 6. e5 Ng4 7. Bg2 Be7 8. O-O O-O 9. a4 f6 10. exf6 Bxf6 11. Bxf6 Qxf6 12. Nc3 d5 13. a5 Qd8 14. d4 Qf6 15. Ne2 cxd4 16. Nexd4 e5 17. Nxc6 bxc6 18. h3 e4 19. Nd4 Ne5 20. f3 exf3 21. Nxf3 Be6 22. Nd4 Qg6 23. Rxf8+ Rxf8 24. Qe1 c5 25. Qxe5 cxd4 26. Re1 Bf7 27. Rf1 Rd8 28. Qe7 Rc8 29. Qb7 Rd8 30. Qc7 Re8 31. Rf2 h6 32. Kh2 Qe6 33. Qc5 Qe5 34. Qa7 Re7 35. Qxa6 h5 36. Qc8+ Re8 37. Qf5 Qxf5 38. Rxf5 Re2 39. Rf4 Bg6 40. a6 Rxc2 41. a7 Ra2 42. a8=Q+ Rxa8 43. Bxd5+ 1-0

[Event "Daventry 4NCL Easter Open"]
[Site "Daventry"]
[Date "2025.04.20"]
[Round "4.12"]
[White "Varley, Joe"]
[Black "Sullivan, Daniel JS"]
[Result "1-0"]
[WhiteElo "2098"]
[BlackElo "2050"]
[PlyCount "51"]
[EventDate "2025.04.18"]
[EventType "swiss"]
[EventRounds "7"]
[EventCountry "ENG"]
[SourceTitle "BritBase"]
[Source "John Saunders"]
[SourceDate "2025.09.17"]
[SourceVersion "1"]
[SourceVersionDate "2025.09.17"]
[SourceQuality "1"]

1. e4 c6 2. d4 d5 3. e5 Bf5 4. Nd2 e6 5. Nb3 Nd7 6. Nf3 Ne7 7. Be2 Nc8 8. a4 Be7 9. O-O O-O 10. Ne1 a5 11. g4 Bg6 12. f4 f5 13. Ng2 Re8 14. Ne3 Nf8 15. Bd3 fxg4 16. Bxg6 Nxg6 17. Qxg4 Bf8 18. f5 exf5 19. Nxf5 b6 20. h4 Kh8 21. h5 Nge7 22. Nh4 h6 23. Rf7 Ra7 24. Be3 Ng8 25. Ng6+ Kh7 26. Nxf8+ 1-0

[Event "Daventry 4NCL Easter Open"]
[Site "Daventry"]
[Date "2025.04.20"]
[Round "4.13"]
[White "Gunarathne, Senith"]
[Black "De Silva, Sithun"]
[Result "1/2-1/2"]
[WhiteElo "2064"]
[BlackElo "1920"]
[PlyCount "162"]
[EventDate "2025.04.18"]
[EventType "swiss"]
[EventRounds "7"]
[EventCountry "ENG"]
[SourceTitle "BritBase"]
[Source "John Saunders"]
[SourceDate "2025.09.17"]
[SourceVersion "1"]
[SourceVersionDate "2025.09.17"]
[SourceQuality "1"]

1. e4 c5 2. Nf3 Nc6 3. d4 cxd4 4. Nxd4 g6 5. Be3 Bg7 6. Nc3 Nf6 7. Bc4 O-O 8. Bb3 d6 9. f3 Bd7 10. Qd2 Nxd4 11. Bxd4 b5 12. g4 a5 13. h4 e5 14. Be3 a4 15. Bd5 b4 16. Ne2 Nxd5 17. Qxd5 Be6 18. Qd2 d5 19. Ng3 d4 20. Bh6 Qf6 21. Ke2 Bxh6 22. Qxh6 Qf4 23. Qxf4 exf4 24. Nf1 Rfc8 25. Kd3 Bc4+ 26. Kxd4 Bxf1 27. Rhxf1 Rxc2 28. b3 f6 29. e5 Rd8+ 30. Ke4 Re2+ 31. Kxf4 fxe5+ 32. Kg3 Rdd2 33. Rg1 Rxa2 34. bxa4 b3 35. a5 Rxa1 36. Rxa1 Ra2 37. Rb1 b2 38. a6 Rxa6 39. Rxb2 Ra3 40. Kg2 Ra5 41. Rb8+ Kg7 42. Rb7+ Kg8 43. Kf2 Ra2+ 44. Kg3 h6 45. Re7 Ra5 46. Kf2 Ra2+ 47. Ke3 Rh2 48. Ke4 Re2+ 49. Kd3 Rh2 50. Ke4 Re2+ 51. Kd3 Rh2 52. Rxe5 Rxh4 53. Ke4 Rh1 54. Kf4 Kf7 55. Ra5 Rb1 56. Ra7+ Kf6 57. Ra6+ Kf7 58. Ra4 Kf6 59. Rc4 Re1 60. Rc6+ Re6 61. Rc5 Re1 62. Kg3 Rg1+ 63. Kf2 Ra1 64. Rc6+ Kg5 65. Kg3 Rg1+ 66. Kf2 Ra1 67. Re6 Kf4 68. Rf6+ Kg5 69. Rd6 Kf4 70. Rd4+ Kg5 71. Kg3 Rg1+ 72. Kh3 Rh1+ 73. Kg2 Ra1 74. Rd6 Rb1 75. Re6 Ra1 76. Rc6 Rb1 77. Rc5+ Kf4 78. Rc4+ Kg5 79. Rc5+ Kf4 80. Rc4+ Kg5 81. Rc6 Ra1 1/2-1/2

[Event "Daventry 4NCL Easter Open"]
[Site "Daventry"]
[Date "2025.04.20"]
[Round "4.14"]
[White "Baer, Bruce L"]
[Black "Elgar, Tim"]
[Result "1-0"]
[WhiteElo "2046"]
[BlackElo "2210"]
[PlyCount "73"]
[EventDate "2025.04.18"]
[EventType "swiss"]
[EventRounds "7"]
[EventCountry "ENG"]
[SourceTitle "BritBase"]
[Source "John Saunders"]
[SourceDate "2025.09.17"]
[SourceVersion "1"]
[SourceVersionDate "2025.09.17"]
[SourceQuality "1"]

1. Nf3 Nf6 2. g3 g6 3. Bg2 Bg7 4. d3 O-O 5. O-O c5 6. e4 Nc6 7. c3 d6 8. Re1 e5 9. a3 b5 10. h3 a5 11. Be3 a4 12. Nbd2 h6 13. d4 Nd7 14. dxe5 dxe5 15. g4 Qe7 16. g5 h5 17. Nh4 Nb6 18. Nf5 Qc7 19. Nxg7 Kxg7 20. Bxc5 Rd8 21. Qe2 Ba6 22. Qe3 Nd7 23. Rad1 Na5 24. Bb4 Nb7 25. Nf3 Nbc5 26. Rd5 Ne6 27. Bd6 Qb7 28. Bxe5+ Nxe5 29. Nxe5 Nc7 30. Rd7 Rxd7 31. Nxd7 Qc8 32. Qd4+ Kg8 33. Nf6+ Kf8 34. Nd5 Nxd5 35. Qh8+ Ke7 36. exd5+ Kd7 37. Qf6 1-0

[Event "Daventry 4NCL Easter Open"]
[Site "Daventry"]
[Date "2025.04.20"]
[Round "4.15"]
[White "Dilley, Jason M"]
[Black "Ganguly, Aryaman"]
[Result "1-0"]
[WhiteElo "2143"]
[BlackElo "1992"]
[PlyCount "85"]
[EventDate "2025.04.18"]
[EventType "swiss"]
[EventRounds "7"]
[EventCountry "ENG"]
[SourceTitle "BritBase"]
[Source "John Saunders"]
[SourceDate "2025.09.17"]
[SourceVersion "1"]
[SourceVersionDate "2025.09.17"]
[SourceQuality "1"]

1. d4 d5 2. Bg5 h6 3. Bh4 c6 4. c3 Nf6 5. Bxf6 exf6 6. e3 Bd6 7. Bd3 O-O 8. Nd2 Nd7 9. Qh5 Re8 10. g4 Nf8 11. Ngf3 Ne6 12. O-O-O Bf8 13. Qh3 Ng5 14. Nxg5 fxg5 15. f4 Be7 16. Qf3 b5 17. Rdf1 Rf8 18. Qg2 Rb8 19. Nf3 b4 20. cxb4 Rxb4 21. h4 f6 22. hxg5 fxg5 23. a3 Rb6 24. fxg5 Bxg5 25. Nxg5 Qxg5 26. Rxf8+ Kxf8 27. Rf1+ Ke7 28. Qf3 Be6 29. Qf8+ Kd7 30. Rf4 Kc7 31. Kc2 Rb8 32. Qc5 Kb7 33. Qd6 Re8 34. Ba6+ Kb6 35. Qc5+ Kc7 36. Qxa7+ Kd6 37. Qc5+ Kc7 38. Bd3 Kb7 39. a4 Bg8 40. Rf8 Qxe3 41. a5 Qe6 42. Qb6+ Ka8 43. a6 1-0

[Event "Daventry 4NCL Easter Open"]
[Site "Daventry"]
[Date "2025.04.20"]
[Round "4.16"]
[White "Shivakumar, Akshath"]
[Black "Ansari, Athar"]
[Result "0-1"]
[WhiteElo "2007"]
[BlackElo "2077"]
[PlyCount "66"]
[EventDate "2025.04.18"]
[EventType "swiss"]
[EventRounds "7"]
[EventCountry "ENG"]
[SourceTitle "BritBase"]
[Source "John Saunders"]
[SourceDate "2025.09.17"]
[SourceVersion "1"]
[SourceVersionDate "2025.09.17"]
[SourceQuality "1"]

1. d4 d5 2. c4 c6 3. Nf3 Nf6 4. Nc3 e6 5. Bg5 Nbd7 6. e3 Qa5 7. a3 Ne4 8. Rc1 dxc4 9. Bf4 Nxc3 10. Rxc3 Bxa3 11. Nd2 Bxb2 12. Rxc4 Bc3 13. e4 e5 14. dxe5 Nb6 15. Rxc3 Qxc3 16. Be2 Be6 17. O-O Rd8 18. Bg4 Nc4 19. Bxe6 fxe6 20. Qg4 Kd7 21. Rb1 Nb6 22. Be3 Kc8 23. Qxg7 Rhe8 24. Qf7 Qd3 25. Bg5 Qxb1+ 26. Nf1 Kb8 27. Bxd8 Rxd8 28. Qxh7 Rd1 29. g4 Rxf1+ 30. Kg2 Rg1+ 31. Kf3 Qd1+ 32. Kf4 Rxg4+ 33. Ke3 Nc4# 0-1

[Event "Daventry 4NCL Easter Open"]
[Site "Daventry"]
[Date "2025.04.20"]
[Round "4.17"]
[White "Gordon, Sean"]
[Black "Deighan, Matthew J"]
[Result "1-0"]
[WhiteElo "2050"]
[BlackElo "1811"]
[PlyCount "41"]
[EventDate "2025.04.18"]
[EventType "swiss"]
[EventRounds "7"]
[EventCountry "ENG"]
[SourceTitle "BritBase"]
[Source "John Saunders"]
[SourceDate "2025.09.17"]
[SourceVersion "1"]
[SourceVersionDate "2025.09.17"]
[SourceQuality "1"]

1. Nf3 Nf6 2. c4 g6 3. Nc3 Bg7 4. e4 d6 5. d4 O-O 6. Be2 e5 7. Be3 Nc6 8. d5 Ne7 9. Nd2 a5 10. a3 Ne8 11. b4 f5 12. f3 f4 13. Bf2 g5 14. c5 Nf6 15. bxa5 Rxa5 16. cxd6 cxd6 17. Nc4 Ra6 18. Qb3 g4 19. Bb6 Qd7 20. Na5 Ra8 21. Bb5 1-0

[Event "Daventry 4NCL Easter Open"]
[Site "Daventry"]
[Date "2025.04.20"]
[Round "4.18"]
[White "Ward, Cian"]
[Black "Hertog, Alexander"]
[Result "1-0"]
[WhiteElo "1993"]
[BlackElo "2015"]
[PlyCount "101"]
[EventDate "2025.04.18"]
[EventType "swiss"]
[EventRounds "7"]
[EventCountry "ENG"]
[SourceTitle "BritBase"]
[Source "John Saunders"]
[SourceDate "2025.09.17"]
[SourceVersion "1"]
[SourceVersionDate "2025.09.17"]
[SourceQuality "1"]

1. e4 c6 2. Nc3 d5 3. Nf3 Bg4 4. h3 Bxf3 5. Qxf3 e6 6. g3 Nd7 7. Bg2 d4 8. Ne2 Qb6 9. O-O Ne7 10. d3 c5 11. Qh5 Nf6 12. Qg5 h6 13. Qd2 Nc6 14. f4 c4 15. Kh2 cxd3 16. Qxd3 O-O-O 17. a3 Kb8 18. Rd1 e5 19. fxe5 Nh7 20. b4 Ka8 21. Bb2 Be7 22. Nxd4 Nxe5 23. Qb3 Bf6 24. Nf3 Nxf3+ 25. Bxf3 Qf2+ 26. Bg2 Rc8 27. e5 Rxc2 28. Qd5 Rb8 29. exf6 a6 30. Bd4 Nxf6 31. Bxf2 Nxd5 32. Rxd5 Rxf2 33. Rf1 Ra2 34. Rxf7 g5 35. Rd6 Rxa3 36. Rxh6 Ra2 37. Rff6 Ka7 38. Rhg6 Rb2 39. Rxg5 Rxb4 40. h4 Rd8 41. Rf7 Rd2 42. Rgg7 a5 43. Rxb7+ Rxb7 44. Rxb7+ Ka6 45. h5 a4 46. h6 Rd6 47. h7 Rh6+ 48. Kg1 Ka5 49. g4 a3 50. g5 a2 51. Ra7+ 1-0

[Event "Daventry 4NCL Easter Open"]
[Site "Daventry"]
[Date "2025.04.20"]
[Round "4.19"]
[White "Cast, Julian"]
[Black "Miller, George I"]
[Result "1/2-1/2"]
[WhiteElo "2006"]
[BlackElo "1950"]
[PlyCount "122"]
[EventDate "2025.04.18"]
[EventType "swiss"]
[EventRounds "7"]
[EventCountry "ENG"]
[SourceTitle "BritBase"]
[Source "John Saunders"]
[SourceDate "2025.09.17"]
[SourceVersion "1"]
[SourceVersionDate "2025.09.17"]
[SourceQuality "1"]

1. d4 d5 2. e3 c5 3. c3 cxd4 4. exd4 Nc6 5. Bd3 Nf6 6. h3 g6 7. Nf3 Bf5 8. O-O e6 9. Bxf5 gxf5 10. Bg5 Be7 11. Bxf6 Bxf6 12. Re1 Qc7 13. Qd3 O-O-O 14. Na3 Qf4 15. Qe3 Qxe3 16. Rxe3 Rhg8 17. Nc2 Rg7 18. Re2 Rdg8 19. Nce1 Ne7 20. Rc2 Kd7 21. Kf1 Ng6 22. Rd1 Nf4 23. h4 Ng6 24. c4 Ne7 25. b4 Rg4 26. g3 Rc8 27. Nd3 Ke8 28. Nde5 Bxe5 29. Nxe5 Rg8 30. c5 f6 31. Nf3 f4 32. gxf4 Nf5 33. b5 Rg4 34. Rd3 Kf7 35. Rcc3 Rxf4 36. Ra3 Ra8 37. Rac3 Nxh4 38. Nxh4 Rxh4 39. c6 bxc6 40. bxc6 Rc8 41. Rc5 Ke7 42. Ra5 Rxc6 43. Rxa7+ Kd6 44. Rf7 Rc4 45. Rxf6 Rcxd4 46. Re3 Rde4 47. Ra3 Ra4 48. Re3 Rhe4 49. Rxe4 Rxe4 50. Rh6 Ra4 51. Rxh7 Rxa2 52. Rh8 d4 53. Rd8+ Ke5 54. f4+ Kxf4 55. Rxd4+ Ke3 56. Rb4 Ra1+ 57. Kg2 e5 58. Rb3+ Kd2 59. Rb2+ Kc3 60. Re2 Ra5 61. Kf3 Kd4 1/2-1/2

[Event "Daventry 4NCL Easter Open"]
[Site "Daventry"]
[Date "2025.04.20"]
[Round "5.1"]
[White "Mahadevan, Siva"]
[Black "Chan, Sheng Liang Bernard"]
[Result "1-0"]
[WhiteElo "2517"]
[BlackElo "2177"]
[PlyCount "107"]
[EventDate "2025.04.18"]
[EventType "swiss"]
[EventRounds "7"]
[EventCountry "ENG"]
[SourceTitle "BritBase"]
[Source "John Saunders"]
[SourceDate "2025.09.17"]
[SourceVersion "1"]
[SourceVersionDate "2025.09.17"]
[SourceQuality "1"]

1. e4 c5 2. Nf3 d6 3. Nc3 Nf6 4. d4 cxd4 5. Nxd4 g6 6. Be3 Bg7 7. f3 O-O 8. Qd2 Nc6 9. Bc4 Nxd4 10. Bxd4 Be6 11. Bb3 Qa5 12. O-O-O b5 13. Kb1 b4 14. Nd5 Bxd5 15. exd5 Qb5 16. Rhe1 a5 17. Qd3 Qxd3 18. Rxd3 a4 19. Bc4 Rfc8 20. b3 Rc7 21. f4 axb3 22. cxb3 Rb7 23. Re2 Ra5 24. Bf2 Ng4 25. Bg3 f5 26. h3 Nf6 27. Be1 Ra8 28. Rde3 Kf8 29. Rc2 Ra5 30. Rd3 Ra8 31. Rd1 Ne4 32. g4 fxg4 33. hxg4 Nc3+ 34. Bxc3 Bxc3 35. a4 Bg7 36. Re2 Rc7 37. Rd3 h6 38. Re4 Ra5 39. Bb5 Rc3 40. Rxc3 Bxc3 41. Kc2 Ra7 42. g5 hxg5 43. fxg5 Rc7 44. Rf4+ Kg7 45. Rc4 Rxc4 46. Bxc4 Bd4 47. a5 Kf7 48. Bd3 Be3 49. a6 e6 50. dxe6+ Kxe6 51. Bxg6 Kd5 52. Kd3 Bc5 53. Be4+ Ke5 54. g6 1-0